Obálka Náhled e-knihy:
Epub
Pro půjčování e-knih musíte být přihlášeni.
Jak si půjčit online?

Jak si dělat chytré poznámky : čtěte, pište a přemýšlejte s pomocí legendární metody zettelkasten /

Autor v knize představuje systém chytrých poznámek "zettelkasten".

Uloženo v:
Hlavní autor: Ahrens, Sönke, 1975- (Autor)
Další autoři: Ešnerová, Kateřina (Autor)
Médium: E-kniha
Jazyk:Czech
Vydáno: V Brně : Jan Melvil Publishing, 2021
Vydání:Vydání první
Edice:Žádná velká věda
Témata:
Tagy:
Žádné tagy
LEADER 02833nam a2200517 i 4500
001 311458
003 CZ PrSKC
005 20260601215705.0
007 ta
008 211123s2021 xr e f 000 0 cze
015 |a cnb003375912 
020 |a 9788075551467  |q (brožováno) 
035 |a (OCoLC)1393198682 
040 |a OLA001  |b cze  |d ABA001  |e rda 
041 1 |a cze  |h eng 
072 7 |a 00  |x Věda. Všeobecnosti. Základy vědy a kultury. Vědecká práce  |2 Konspekt 
080 |a 001.82:001.101/.103  |2 MRF 
080 |a 003.03/.09  |2 MRF 
080 |a (035)  |2 MRF 
100 1 |a Ahrens, Sönke,  |d 1975-  |7 ntk20191042203  |4 aut 
240 1 0 |a How to take smart notes.  |l Česky 
245 1 0 |a Jak si dělat chytré poznámky :  |b čtěte, pište a přemýšlejte s pomocí legendární metody zettelkasten /  |c Sönke Ahrens ; překlad Kateřina Ešnerová 
250 |a Vydání první 
264 1 |a V Brně :  |b Jan Melvil Publishing,  |c 2021 
300 |a 229 stran ;  |c 21 cm 
336 |a text  |b txt  |2 rdacontent 
337 |a bez média  |b n  |2 rdamedia 
338 |a svazek  |b nc  |2 rdacarrier 
490 1 |a Žádná velká věda 
500 |a Přeloženo z angličtiny 
504 |a Obsahuje bibliografii a bibliografické odkazy 
520 2 |a Autor v knize představuje systém chytrých poznámek "zettelkasten".  |b Vítejte ve světě zettelkasten! Za tuto dnes již legendární metodu, kolem které vznikla nadšená globální komunita, vděčíme sociologovi Niklasi Luhmannovi. Vytvořil jednoduchý, přitom komplexní a propojený způsob, s jehož pomocí lze uchovávat poznámky získané z četby, stejně jako z přednášek, kurzů, podcastů či webinářů. S technikou zettlekasten si totiž nevytváříte pouhé úložiště myšlenek a znalostí, ale především získáváte prostor, v němž přemýšlíte. Její osvojení vám navíc pomůže poznámky kombinovat, dávat do souvislostí a nahlížet způsobem, který by vás jinak nenapadl. Nakladatelská anotace. Kráceno. 
650 0 7 |a organizace informací  |7 ph805421  |2 czenas 
650 0 7 |a psaní  |7 ph115938  |2 czenas 
650 0 9 |a information organization  |2 eczenas 
650 0 9 |a writing  |2 eczenas 
653 0 |a tvorba poznámek  |a zettelkasten (systém) 
655 7 |a příručky  |7 fd133209  |2 czenas 
655 9 |a handbooks and manuals  |2 eczenas 
700 1 |a Ešnerová, Kateřina  |7 xx0183428  |4 trl 
830 0 |a Žádná velká věda 
900 |a ABA001  |b 20 
044 |a xr 
910 |a RBIT002 
998 |d 338943  |a https://core.palmknihy.cz/api/books/338943/cover?r1y7l0  |b https://core.palmknihy.cz/api/books/338943/cover/400?r1y7l0  |c https://core.palmknihy.cz/api/books/338943/cover/50?r1y7l0  |e   |g 232  |i 9788075551467  |j https://core.palmknihy.cz/api/books/338943/preview.epub  |l   |q 49  |r 1  |s https://www.palmknihy.cz/kniha/338943  |t ebook  |y 2021  |z 0 
999 |d 311456